Statistics for Famous Athlete by Picture (HARD EDITION)

Click here to take the quiz!

General Stats

  • This quiz has been taken 19 times
  • The average score is 7 of 16

Answer Stats

Answer% Correct
Andre Iguodala
59%
D'Angelo Russell
59%
David Robinson
59%
Derrick Rose
59%
Emiliano Martinez
59%
Sadio Mané
59%
Eduardo Camavinga
53%
Jerry West
53%
Jrue Holiday
53%
Rodrygo
53%
Jamal Musiala
47%
Evander Holyfield
35%
Alejandro Garnacho
18%
Amari Cooper
18%
Thanasis Antetokounmpo
6%
Tim Patrick
0%

Score Distribution

Percentile by Number Answered

Percent of People with Each Score

Your Score History

You have not taken this quiz